00547nam a2200157 a 4500001001000000003000400010005001700014008004100031020001800072040002500090100003000115245012000145260006400265300002100329700003900350000039888Ost20260321073643.0130726s2013 ec 000 0 spa d a9789942074119 aDO-SdBNPbspacBNPHU1 a Bosch, Juan, d1909-200110aMiradas sobre nuestra América /cJuan Bosch ; compilación y estudio introductorio de Jorge Núñez Sánchez. aQuito, Ecuador :bMinisterio de cultura del Ecuador,c2013. a250 p. ;c23 cm.1 aNúñez Sánchez, Jorge,ecomp.